01497nam a2200289Ia 450000500170000000800410001702000150005808200190007324501420009225000190023430000410025349000260029450501540032065000570047465000550053170000380058694200120062426400420063633600270067833700330070533800280073804000350076699900150080195201290081695201280094595201340107320220317001157.0160825s9999 xx 000 0 und d a958815912104a306.2 N11bN1110aNación y sociedad contemporáneaccoordinadores Ingrid Johanna Bolívar, Germán Ferro Medina, Andrés Dávila Ladrón de Guevara a1a. edición  a51 páginas bilustracionesc21 cm  aCuadernos de nación aLa construcción de la nación y la transformación de lo político / Ingrid Johanna Bolivar -- Bibliografía crítica / Ingrid Johanna Bolivar142LEMBaNacionalismovEnsayos, conferenciaszColombia 142LEMBaIdentidad nacional vEnsayos y conferencias 1 aBolívar, Ingrid Johanna 967263 2ddccBK aBogotábMinisterio de Culturac2001 atextobtxt2rdacontent asin mediaciónbn2rdamedia avolumenbnc2rdacarrier aCO-BoRNBPbspaerdacCO-BoRNBP c6156d6156 00102ddc40708GENaMEPRICObMEPRICOcGENd2023-01-27l0o306.2 N11pPR00000412r2023-01-27 00:00:00tEj.1w2023-01-27yBK 00102ddc40708GENaMEMACAREbMEMACAREcGENd2025-07-21l0o306.2 N11pLM02597r2025-07-21 15:39:21tEj.1w2025-07-21yBK 00102lcc40708GENaMEPCONCObMEPCONCOcGENd2026-02-03l0o306.2 N11 N11pPCON00579r2026-02-03 20:24:41tEj.1w2026-02-03yBK